| 000 | 00623nam a2200181 i 4500 | ||
|---|---|---|---|
| 001 | 49757 | ||
| 003 | ES-MaACL | ||
| 005 | 20230906162047.0 | ||
| 007 | t| | ||
| 008 | 030723s1961 sp ||||1| spa d | ||
| 100 | 1 |
_aCourtois, Gaston. _9182280 |
|
| 245 | 1 | 4 |
_aLos estados de perfección. I. Eligieron lo mejor _b: documentos pontificios desde León XIII hasta nuestros días / _cGastón Courtois ; traducción Faustino Martínez Goñi. |
| 260 |
_a[Madrid : _bAtenas, _c1961] |
||
| 300 |
_a249 p. ; _c20 cm. |
||
| 700 | 1 |
_aMartínez Goñi, Faustino. _978139 |
|
| 852 |
_aES-MaACL _jC-19704 _bR.47500 |
||
| 999 |
_c49757 _d49757 |
||